Účtovanie a zdaňovanie finančného prenájmu diplomová práca

Saved in:
Bibliographic Details
Main Author: Baková, Katarína
Corporate Author: Národohospodárska fakulta EU. Katedra financií
Other Authors: Staríčková, Zuzana
Format: Book
Language:Slovak
Published: Bratislava 2011
Tags: Add Tag
No Tags, Be the first to tag this record!

MARC

LEADER 00000nbm a2200000 4500
001 0130939
005 20161109101632.6
041 0 |a slo 
044 |a SK 
245 1 0 |a Účtovanie a zdaňovanie finančného prenájmu  |b diplomová práca  |c Katarína Baková ; školiteľ: Zuzana Staríčková 
264 1 |a Bratislava  |c 2011 
300 |a 62 s. 
100 1 |a Baková, Katarína 
700 1 |a Staríčková, Zuzana 
710 2 |a Národohospodárska fakulta EU. Katedra financií